After the gold rush (Record no. 176320)

000 -LEADER
fixed length control field 00343nam a2200133Ia 4500
008 - FIXED-LENGTH DATA ELEMENTS--GENERAL INFORMATION
fixed length control field 220217s9999||||xx |||||||||||||| ||und||
020 ## - INTERNATIONAL STANDARD BOOK NUMBER
International Standard Book Number 81-7853-021-X
082 ## - DEWEY DECIMAL CLASSIFICATION NUMBER
Classification number 823 MCC
100 ## - MAIN ENTRY--PERSONAL NAME
Personal name McConnell, Steve
9 (RLIN) 5296
245 #0 - TITLE STATEMENT
Title After the gold rush
260 ## - PUBLICATION, DISTRIBUTION, ETC.
Place of publication, distribution, etc. WP publishers
Name of publisher, distributor, etc. Bangalore
Date of publication, distribution, etc. 2001
300 ## - PHYSICAL DESCRIPTION
Other physical details 325
650 ## - SUBJECT ADDED ENTRY--TOPICAL TERM
Topical term or geographic name entry element GENERAL BOOKS
Holdings
Withdrawn status Lost status Damaged status Not for loan Collection code Home library Current library Shelving location Date acquired Full call number Barcode Date last seen Price effective from Koha item type
        Computer Science and Engineering Central Library Central Library Reference 02/18/2022 823 MCC 11509 02/18/2022 02/18/2022 Books

Powered by Koha